| 000 | 00875nam a2200265 a 4500 | ||
|---|---|---|---|
| 001 | 59957 | ||
| 003 | BD-RjUL | ||
| 005 | 20211209080805.0 | ||
| 008 | 161228s1976 enk b 001 0 eng | ||
| 020 |
_a081573588X : _c$10.95. _a0815735871 _c$3.95 |
||
| 035 | _a(BD-RjUL)60081 | ||
| 040 |
_aDLC _cDLC _dBD-RjUL _beng |
||
| 041 | _aeng | ||
| 082 | 0 | 0 |
_a353 _223 _bHEO 1976 |
| 100 | 1 |
_aHess, Stephen. _9178349 |
|
| 245 | 1 | 0 |
_aOrganizing the Presidency / _cStephen Hess. |
| 260 |
_aWashington : _bBrookings Institution, _cc1976. |
||
| 300 |
_aix, 228 p. ; _c24 cm. |
||
| 504 | _aIncludes bibliographical references and index. | ||
| 650 | 0 |
_aPresidents _zUnited States _xStaff. _9178350 |
|
| 651 | 0 |
_aUnited States _xPolitics and government _y1933-1945. _9178351 |
|
| 651 | 0 |
_aUnited States _xPolitics and government _y1945-1989. _9171839 |
|
| 942 |
_2ddc _cBK |
||
| 999 |
_c59957 _d59957 |
||